Riconosci il Pokémon - Quiz n°955 - Statistics

Statistiche generali
  • Questo quiz è stato fatto 3 volte
  • Il punteggio medio è 6 su 10
Statistiche sulle risposte
Indizio Risposta % Corretto
Altezza 2,0 m
100%
Tipo Lotta
100%
Generazione Settima
100%
Peso 82,8 kg
67%
Stadio evoluzione Non si evolve
67%
Abilità Ricezione; Agonismo
67%
Tasso di cattura 45 (11.9%)
33%
Sesso 50% ♂, 50% ♀
33%
Tasso di allevamento Lento
33%
Pokémon Passimian
33%
Nessun quiz corrispondente trovato
Distribuzione punteggi
Percentuale di utenti per punteggio
Percentile per numero di risposta
I tuoi punteggi nel tempo
Non hai fatto questo quiz